LEADER 01521nam a2200301 u 4500 001 000000020613 003 CaOOAMICUS 005 20070226110924.0 008 950323s1918 gw u000 u ger u 035 $a10504070 040 $aBAV-R2$bita 100 1 $aMüller, H. F.$0(OLS)http://pul/name/17893 245 10$aDionysios. Proklos. Plotinos. :$bEin historischen beitrag zur neoplatonischen philosophie, /$cvon H. F. Müller .. 260 $aMünster i. W. :$bAschendorff,$c1918. 300 $a4 p. l., 110 p. ;$c24 cm 490 1 $aBeiträge zur Geschichte der Philosophie des Mittelalters ;$vBd. 20. Hft. 3-4. 600 04$aPlotinus,$d203/6-270.$0(OLS)http://pul/subject/4816 600 04$aDionysius Areopagita,$dsec. V-VI.$0(OLS)http://pul/subject/7790 600 04$aProclus Atheniensis,$d410-c. 485.$0(OLS)http://pul/subject/13579 650 4$aNeoplatonismo.$0(OLS)http://pul/subject/1935 830 0$aBeiträge zur Geschichte der Philosophie des Mittelalters ;$vBd. 20. Hft. 3-4.$0(OLS)http://pul/title/28985 850 $aPUL 852 $aPUL$W1$xDP2 Religione 2$y113$mTheol A2 20$j7161$nBK-PRI$qStampati altre collocazioni$B28953$CPULBib$Z2$F28953 $82 941 1 $a10 960 $aPseudo-Dionysius,$dsec. V-VI? $97790 960 $aDionigi Areopagita, pseudo,$dsec. V-VI$97790 996 $6245$aDionysios. Proklos. Plotinos. :$bEin historischen beitrag zur neoplatonischen philosophie,$9(OLS)http://pul/title/28984 996 $6260$aMünster i. W. :$bAschendorff$9(OLS)http://pul/publisher/48608 LEADER 01852nam a2200409 u 4500 001 000000060219 003 CaOOAMICUS 005 20070226120904.0 008 010717s1978 it u000 u ita u 035 $a10897548 040 $aPUL(R)$bita 041 1 $aita$hfre 100 1 $aLubac, Henri de,$cS.I.,$d1896-1991.$0(OLS)http://pul/name/6263 240 10$aCatholicisme : les aspects sociaux du dogme.$lItaliano.$0(OLS)http://pul/title/78247 245 10$aCattolicismo :$baspetti sociali del dogma /$cHenri de Lubac. 246 33$aHenri de Lubac Opera Omnia 246 30$aChiesa 260 $aMilano :$bJaca Book,$c1978. 300 $a418 p. ;$c23 cm 490 1 $aHenri de Lubac. Opera omnia. Sezione terza, Chiesa ;$v7 490 1 $aGià e non ancora ;$v41 500 $aInclude indici. 500 $a"Henri de Lubac Opera omnia / a cura di Elio Guerriero". 504 $aContiene indicazioni bibliografiche. 650 4$aDogmi.$0(OLS)http://pul/subject/2500 800 1 $aLubac, Henri de,$cS.I.,$d1896-1991.$tOpere$9(Lubac, Henri de, S.I., 1896-1991).$0Sezione terza,$pChiesa ;$v7.$0(OLS)http://pul/nameTitle/68$0(OLS)http://pul/name/9469$0(OLS)http://pul/title/20969 830 0$aGià e non ancora ;$v41.$0(OLS)http://pul/title/129 850 $aPUL 852 $aPUL$W1$xSL Religione 2$y84$mTheol D3 2c.1$j78452$nBK-PRI$b $qStampati altre collocazioni$B78452$CPULBib$Z2$F78452 $H $81 900 $aDe Lubac, Henri$96263 900 $aDe Lubac, Henri$96263 941 1 $a10 961 $aINV: 47592 996 $6245$aCattolicismo :$baspetti sociali del dogma$9(OLS)http://pul/title/80503 996 $6246$aHenri de Lubac Opera Omnia$9(OLS)http://pul/title/80490 996 $6246$aChiesa$9(OLS)http://pul/title/80504 996 $6260$aMilano :$bJaca Book$9(OLS)http://pul/publisher/47900